000 00441nab a2200145Ia 4500
003 ES-SlBCS
005 20210601124319.0
008 140529s1989 xxu||||| |||| 00| 0 eng d
041 _aeng
100 1 _aFeinberg, Walter
_9139155
245 0 0 _aFoundationalism and Recent Critiques of Education
_c Walter Feinberg
650 0 4 _aEducación
_986687
773 0 _tEducational Theory
_gvol. 39, nº. 2, 1989, págs. 133-138
_wRev1399
942 _cAR
999 _c512787
_d512787